Miasta Wsiąść do Pociągu : Europa - Statystyki

Ogólne statystyki
  • Ten quiz został rozwiązany 24 razy
  • Średni wynik to 5 z 47
Statystyki odpowiedzi
Hint Odpowiedź % Poprawnych
B. i Hercegowina Sarajewo
65%
Polska Warszawa
39%
Bułgaria Sofia
35%
Niemcy Berlin
30%
Hiszpania Barcelona
26%
Francja Paris
26%
Austria Wien
26%
Wielka Brytania London
17%
Litwa Wilno
17%
Polska Danzig
13%
Hiszpania Madrid
13%
Włochy Roma
13%
Holandia Amsterdam
9%
Francja Dieppe
9%
Turcja Erzurum
9%
Niemcy Essen
9%
Niemcy Frankfurt
9%
Ukraina Kyiv
9%
Rosja Moskva
9%
Włochy Palermo
9%
Łotwa Riga
9%
Rosja Smolensk
9%
Szwajcaria Zurich
9%
Turcja Angora
4%
Grecja Athina
4%
Francja Brest
4%
Belgia Bruxells
4%
Węgry Budapest
4%
Turcja Constantinopole
4%
Ukraina Kharkov
4%
Dania Kopenhagen
4%
Niemcy Munchen
4%
Rosja Petrograd
4%
Rosja Rostov
4%
Ukraina Sevastopol
4%
Turcja Smyrna
4%
Rosja Sochi
4%
Szwecja Stockholm
4%
Włochy Venezia
4%
Chorwacja Zagrab
4%
Włochy Brinnsi
0%
Rumunia Bucurusti
0%
Hiszpania Cadyz
0%
Wielka Brytania Edinburch
0%
Portugalia Lisboa
0%
Francja Marsilla
0%
Hiszpania Pamplona
0%
Nie znaleziono quizów pasujących do podanych kryteriów
Rozkład punktacji
Procent ludzi z każdym wynikiem
Percentyl według liczby udzielonych odpowiedzi
Twoja historia wyników
Nie rozwiązałeś tego quizu